[Event "Moia op 6th"]
[Site "Moia"]
[Date "2017.11.10"]
[Round "7"]
[White "Clavel Oliveras, Guillem"]
[Black "Basora Pascual, Pau"]
[Result "1-0"]
[WhiteElo "1704"]
[BlackElo "1610"]
[PlyCount "110"]
[EventDate "2017.09.22"]
[EventType "swiss"]
[EventRounds "8"]
[EventCountry "ESP"]
[SourceTitle "CBM 189 Extra"]
[Source "ChessBase"]
[SourceDate "2019.06.03"]
[SourceVersion "1"]
[SourceVersionDate "2019.06.03"]
[SourceQuality "1"]

1. e4 c5 2. Nf3 d6 3. Nc3 a6 4. d4 cxd4 5. Nxd4 Nf6 6. Bg5 e6 7. Qd2 Be7 8. 0-0-0 0-0 9. f4 b5 10. Bxf6 Bxf6 11. Nf3 Be7 12. g4 Bb7 13. Bd3 Nd7 14. h4 Nc5 15. b4 Nxd3+ 16. Qxd3 Qc7 17. a3 Rac8 18. Ne2 Qc4 19. Qxc4 Rxc4 20. Nd2 Rc7 21. g5 Rfc8 22. c3 Ra8 23. Kb2 d5 24. e5 d4 25. Rh3 dxc3+ 26. Rxc3 Rxc3 27. Nxc3 Rd8 28. Nb3 Rxd1 29. Nxd1 Bd8 30. Nc5 Bc8 31. Nc3 f6 32. N3e4 fxe5 33. fxe5 h6 34. Nd6 hxg5 35. hxg5 Bxg5 36. Nxc8 Bf4 37. Nd3 Be3 38. Kc2 g5 39. Kd1 Kf7 40. Ke2 Bd4 41. Kf3 Bc3 42. Kg4 Bd2 43. Nd6+ Ke7 44. Ne4 Be3 45. Nxg5 Bb6 46. Ne4 a5 47. Nc3 axb4 48. axb4 Kd7 49. Nxb5 Kc6 50. Nc3 Bd4 51. Ne2 Bb6 52. Kg5 Bd8+ 53. Kg6 Kd5 54. Kf7 Kc4 55. Nef4 Bc7 1-0

[Event "Moia op 5th"]
[Site "Moia"]
[Date "2016.09.30"]
[Round "2"]
[White "Duran Burniol, Joan"]
[Black "Basora Pascual, Pau"]
[Result "1/2-1/2"]
[WhiteElo "1916"]
[BlackElo "1611"]
[PlyCount "40"]
[EventDate "2016.09.23"]
[EventType "swiss"]
[EventRounds "8"]
[EventCountry "ESP"]
[SourceTitle "EXT 2018"]
[Source "ChessBase"]
[SourceDate "2017.10.13"]
[SourceVersion "1"]
[SourceVersionDate "2017.10.13"]
[SourceQuality "1"]

1. f4 d5 2. Nf3 Nf6 3. e3 g6 4. d4 Bg7 5. Bd3 0-0 6. 0-0 b6 7. Qe2 c5 8. c3 Nc6 9. Nbd2 Bd7 10. Ne5 Qc7 11. Ndf3 cxd4 12. exd4 e6 13. Bd2 Ne7 14. Be1 Nf5 15. g4 Nd6 16. Bh4 Nfe4 17. Nxd7 Qxd7 18. Ne5 Qc7 19. g5 Nf5 20. Be1 Ned6 1/2-1/2

[Event "Moia op 5th"]
[Site "Moia"]
[Date "2016.09.23"]
[Round "1"]
[White "Basora Pascual, Pau"]
[Black "Bosch Melo, Marcal"]
[Result "1-0"]
[WhiteElo "1611"]
[BlackElo "1700"]
[PlyCount "89"]
[EventDate "2016.09.23"]
[EventType "swiss"]
[EventRounds "8"]
[EventCountry "ESP"]
[SourceTitle "EXT 2018"]
[Source "ChessBase"]
[SourceDate "2017.10.13"]
[SourceVersion "1"]
[SourceVersionDate "2017.10.13"]
[SourceQuality "1"]

1. e4 e5 2. Nf3 Nf6 3. Nc3 Nc6 4. d4 d6 5. Bb5 Bd7 6. 0-0 Be7 7. Re1 0-0 8. Bxc6 Bxc6 9. dxe5 Re8 10. exd6 cxd6 11. Bf4 Qd7 12. Nd4 Rac8 13. Qd2 a6 14. Rad1 b5 15. f3 b4 16. Nce2 Bb5 17. Nxb5 axb5 18. Nd4 Rc5 19. Qxb4 Rec8 20. Qd2 Qa7 21. a3 d5 22. e5 Nh5 23. Be3 f6 24. Nb3 fxe5 25. Nxc5 Rxc5 26. Bxc5 Bxc5+ 27. Kh1 Nf6 28. Rxe5 Qc7 29. Qc3 d4 30. Qxc5 Qf7 31. Qc8+ Qf8 32. Qxf8+ Kxf8 33. Rxb5 Nd7 34. Rxd4 Ke8 35. Rxd7 Kxd7 36. a4 Kc6 37. Rb3 Kc5 38. a5 Kc4 39. a6 h6 40. a7 g6 41. a8Q h5 42. Rd3 Kc5 43. Qc8+ Kb5 44. Rb3+ Ka5 45. Qa8# 1-0

[Event "Vall del Tenes op 5th"]
[Site "Vall del Tenes"]
[Date "2016.06.03"]
[Round "7"]
[White "Bellpuig Mencos, Gerard"]
[Black "Basora Pascual, Pau"]
[Result "0-1"]
[WhiteElo "1697"]
[BlackElo "1606"]
[PlyCount "96"]
[EventDate "2016.04.08"]
[EventType "swiss"]
[EventRounds "8"]
[EventCountry "ESP"]
[SourceTitle "CBM 172 Extra"]
[Source "ChessBase"]
[SourceDate "2016.06.21"]
[SourceVersion "1"]
[SourceVersionDate "2016.06.21"]
[SourceQuality "1"]

1. Nf3 d5 2. c4 e6 3. Nc3 Nf6 4. d4 c6 5. e3 Bd6 6. c5 Bc7 7. Be2 Nbd7 8. 0-0 0-0 9. b4 e5 10. dxe5 Nxe5 11. Qc2 Bg4 12. Nd4 Bxe2 13. Ncxe2 Qd7 14. Ng3 g6 15. e4 Rfe8 16. f4 Nc4 17. e5 Ng4 18. Qc3 Nh6 19. Bd2 b6 20. b5 bxc5 21. bxc6 Qc8 22. Nb3 Bb6 23. Rae1 Qxc6 24. Kh1 a5 25. Bc1 a4 26. f5 Ng4 27. h3 Ngxe5 28. fxg6 hxg6 29. Rxe5 Rxe5 30. Qf3 Qe6 31. Nd2 Nxd2 32. Bxd2 Re8 33. Qf4 Qe7 34. Qh6 Qf8 35. Qf4 Qg7 36. h4 R8e7 37. Kg1 Bc7 38. Qf3 d4 39. h5 R5e6 40. h6 Qe5 41. Bf4 Qxf4 42. Qa8+ Re8 43. Rxf4 Rxa8 44. h7+ Kg7 45. Rh4 Bxg3 46. h8Q+ Rxh8 47. Rxh8 Kxh8 48. Kf1 Re1# 0-1

[Event "Moia op 1st"]
[Site "Moia"]
[Date "2013.05.19"]
[Round "1"]
[White "Rius Soler, Benjami"]
[Black "Basora Pascual, Pau"]
[Result "1/2-1/2"]
[WhiteElo "1772"]
[BlackElo "1700"]
[PlyCount "136"]
[EventDate "2013.05.19"]
[EventType "swiss"]
[EventRounds "8"]
[EventCountry "ESP"]
[SourceTitle "EXT 2014"]
[Source "ChessBase"]
[SourceDate "2013.11.20"]
[SourceVersion "1"]
[SourceVersionDate "2013.11.20"]
[SourceQuality "1"]

1. d4 d5 2. Bf4 Nf6 3. e3 e6 4. Nf3 c6 5. Nbd2 Bd6 6. Ne5 Qc7 7. h3 Nbd7 8. Ndf3 0-0 9. Be2 Ne4 10. 0-0 f6 11. Nd3 Bxf4 12. exf4 c5 13. dxc5 Ndxc5 14. Rc1 b6 15. Re1 Bd7 16. Bf1 Rfe8 17. g3 Rac8 18. Qe2 Bb5 19. Qe3 Qd7 20. Nd4 Nxd3 21. cxd3 Rxc1 22. Rxc1 Nd6 23. Nxb5 Qxb5 24. b3 Nf5 25. d4 Qb4 26. Qc3 Qxd4 27. Qxd4 Nxd4 28. Rc7 a5 29. Rb7 Rc8 30. Rxb6 Rc2 31. a4 e5 32. fxe5 fxe5 33. Bg2 e4 34. h4 Nf3+ 35. Bxf3 exf3 36. g4 d4 37. Rd6 Rd2 38. Kh2 Rxf2+ 39. Kg3 Rd2 40. Kxf3 Rd3+ 41. Ke4 Rxb3 42. Rxd4 Rb7 43. Ke5 Kf7 44. Kd6 Rb4 45. Kc5 Rb8 46. Rd7+ Kf6 47. g5+ Kg6 48. Rd4 h6 49. gxh6 Kxh6 50. Rg4 g6 51. Rd4 Kh5 52. Re4 g5 53. hxg5 Kxg5 54. Kd6 Kf6 55. Rf4+ Kg6 56. Rc4 Rb4 57. Kc5 Rb8 58. Rd4 Kf6 59. Rd6+ Ke5 60. Ra6 Rc8+ 61. Kb5 Kd5 62. Rxa5 Rb8+ 63. Ka6+ Kc6 64. Ka7 Rb7+ 65. Ka8 Rb6 66. Ra7 Kc5 67. a5 Rb5 68. a6 Kb6 1/2-1/2